000 00521 a2200193 4500
020 _a0195024443
041 _aEng.
082 _a150.8
_bW337b
100 _aWatson, Robert I.
_915146
245 _aBasic writings in the history of psychology
260 _aNew York
_bOxford University Press
_c1979
300 _axviii, 420p.
504 _aBibliography:p 402-414
650 _aAddresses, essays , lectures
650 _aRationalism
_92743
650 _aMetalism
_915147
653 _aPsychology
942 _2ddc
_cGEN
999 _c56664
_d56660